| 000 | 00421nam a22001217a 4500 | ||
|---|---|---|---|
| 999 |
_c533912 _d533912 |
||
| 022 | _aP-0253-8318, E-2074-7764 | ||
| 100 |
_awww.pvj.com.pk _927961 |
||
| 245 |
_aPakistan Veterinary Journal : _bFaculty of Veterinary Science / _cUniversity of Agriculture Faisalabad. |
||
| 260 |
_aFaisalabad: _bUniversity of Agriculture, |
||
| 300 | _c30cm. | ||
| 650 |
_aVeterinary - Journals, Agriculture - Journals. _927962 |
||
| 942 | _cCR | ||